000
00242nmm a2200085Ia 4500
008
220120s9999||||xx |||||||||||||||||und||
100
_a
Digit
245
0
_a
Distros, windows phone SDK 7.1, SOS pack
260
_a
Nine dot nine interactive ltd.
_c
2012
999
_c
139726
_d
139726